育成ドラフト出身の現役選手(2026) - Statistics

General Stats
  • This quiz has been taken 42 times
    8 since last reset
  • The average score is 19 of 84
Answer Stats
現所属 ドラフト順位 ポジション 選手名 % Correct
阪神 2017年育成4位 投手 大竹耕太郎
71%
巨人 2010年育成6位 捕手 甲斐拓也
71%
ソフトバンク 2017年育成2位 外野手 周東佑京
71%
DeNA 2017年育成1位 投手 中川虎大
57%
ソフトバンク 2010年育成5位 内野手 牧原大成
57%
西武 2021年育成2位 内野手 滝澤夏央
57%
阪神 2019年育成1位 外野手 小野寺暖
43%
DeNA 2021年育成1位 捕手 古市尊
43%
中日 2022年育成1位 投手 松山晋也
43%
中日 2025年育成1位 投手 牧野憲伸
43%
広島 2023年育成2位 内野手 佐藤啓介
43%
ヤクルト 2016年育成2位 投手 長谷川宙輝
43%
ソフトバンク 2018年育成1位 捕手 渡邉陸
43%
ソフトバンク 2019年育成1位 捕手 石塚綜一郎
43%
ソフトバンク 2019年育成2位 投手 大関友久
43%
ソフトバンク 2020年育成5位 外野手 緒方理貢
43%
ソフトバンク 2021年育成2位 外野手 川村友斗
43%
ソフトバンク 2021年育成9位 外野手 山本恵大
43%
ソフトバンク 2022年育成3位 投手 木村光
43%
オリックス 2017年育成2位 投手 東晃平
43%
オリックス 2019年育成1位 投手 佐藤一磨
43%
楽天 2014年育成3位 捕手 田中貴也
43%
西武 2020年育成2位 外野手 長谷川信哉
43%
西武 2021年育成14位 内野手 仲田慶介
43%
西武 2024年育成2位 内野手 佐藤太陽
43%
西武 2024年育成4位 投手 佐藤爽
43%
ロッテ 2020年育成3位 外野手 山本大斗
43%
阪神 2023年育成2位 外野手 福島圭音
29%
阪神 2024年育成1位 投手 工藤泰成
29%
DeNA 2017年育成1位 投手 尾形崇斗
29%
巨人 2017年育成3位 内野手 リチャード
29%
中日 2023年育成3位 外野手 尾田剛樹
29%
広島 2022年育成2位 外野手 中村貴浩
29%
ヤクルト 2022年育成2位 外野手 モンテル
29%
ソフトバンク 2022年育成10位 投手 前田純
29%
ソフトバンク 2023年育成6位 投手 藤原大翔
29%
日本ハム 2010年育成2位 投手 島本浩也
29%
日本ハム 2021年育成3位 投手 柳川大晟
29%
日本ハム 2021年育成1位 投手 福島蓮
29%
ロッテ 2017年育成1位 外野手 和田康士朗
29%
阪神 2024年育成2位 捕手 嶋村麟士朗
14%
阪神 2024年育成3位 投手 早川太貴
14%
DeNA 2018年育成1位 投手 宮城滝太
14%
DeNA 2020年育成1位 投手 岩田将貴
14%
巨人 2015年育成1位 内野手 増田大輝
14%
巨人 2020年育成1位 投手 石川達也
14%
巨人 2023年育成3位 内野手 宇都宮葵星
14%
中日 2020年育成3位 投手 松木平優太
14%
広島 2019年育成1位 捕手 持丸泰輝
14%
広島 2022年育成1位 外野手 名原典彦
14%
ヤクルト 2015年育成2位 捕手 柿沼友哉
14%
ヤクルト 2021年育成1位 外野手 岩田幸宏
14%
ヤクルト 2022年育成1位 捕手 橋本星哉
14%
オリックス 2022年育成2位 投手 才木海翔
14%
西武 2022年育成4位 外野手 茶野篤政
14%
西武 2024年育成1位 投手 冨士大和
14%
ロッテ 2022年育成8位 投手 宮﨑颯
14%
DeNA 2016年育成7位 投手 堀岡隼人
0%
巨人 2022年育成6位 外野手 三塚琉生
0%
巨人 2023年育成7位 外野手 平山功太
0%
中日 2020年育成1位 投手 近藤廉
0%
中日 2021年育成4位 投手 三浦瑞樹
0%
中日 2022年育成3位 内野手 樋口正修
0%
広島 2018年育成1位 外野手 大盛穂
0%
広島 2020年育成1位 内野手 二俣翔一
0%
広島 2021年育成2位 内野手 前川誠太
0%
広島 2022年育成1位 内野手 辰見鴻之介
0%
広島 2022年育成3位 投手 辻大雅
0%
ヤクルト 2018年育成3位 投手 沼田翔平
0%
ヤクルト 2020年育成2位 内野手 赤羽由紘
0%
ヤクルト 2020年育成4位 投手 丸山翔大
0%
ヤクルト 2024年育成2位 投手 廣澤優
0%
ヤクルト 2024年育成3位 投手 下川隼佑
0%
日本ハム 2021年育成6位 投手 菊地大稀
0%
オリックス 2020年育成1位 投手 川瀬堅斗
0%
オリックス 2022年育成3位 投手 入山海斗
0%
オリックス 2023年育成3位 投手 宮國凌空
0%
楽天 2022年育成2位 投手 古賀康誠
0%
楽天 2025年育成4位 内野手 金子京介
0%
西武 2020年育成4位 投手 豆田泰志
0%
西武 2021年育成3位 投手 菅井信也
0%
ロッテ 2008年育成5位 投手 西野勇士
0%
ロッテ 2019年育成2位 捕手 植田将太
0%
ロッテ 2022年育成1位 投手 吉川悠斗
0%
No matching quizzes found
Score Distribution
Percent of People with Each Score
Percentile by Number Answered
Your Score History
You have not taken this quiz since the last reset